MSO SERIES DISORDERS OF LENS AND CATARACT SURGERY (Record no. 14633)

MARC details
000 -LEADER
fixed length control field 00310nam a22001337a 4500
003 - CONTROL NUMBER IDENTIFIER
control field SGT
082 ## - DEWEY DECIMAL CLASSIFICATION NUMBER
Classification number 617.7
Item number M14K
100 ## - MAIN ENTRY--PERSONAL NAME
Personal name KHURANA, A.K.
245 ## - TITLE STATEMENT
Title MSO SERIES DISORDERS OF LENS AND CATARACT SURGERY
260 ## - PUBLICATION, DISTRIBUTION, ETC. (IMPRINT)
Place of publication, distribution, etc INDIA
Name of publisher, distributor, etc CBS
Year of Publication 2014
300 ## - PAGE DESCRIPTION
No. of Pages 344
650 ## - SUBJECT ADDED ENTRY--TOPICAL TERM
Topical term or geographic name as entry element OPHTHALMOLOGY
942 ## - ADDED ENTRY ELEMENTS (KOHA)
Source of classification or shelving scheme Dewey Decimal Classification
Koha item type Books
942 ## - ADDED ENTRY ELEMENTS (KOHA)
-- 3
Holdings
Withdrawn status Lost status Source of classification or shelving scheme Damaged status Not for loan Collection code Home library Current library Shelving location Date acquired Vendor Name Cost, normal purchase price SGTU Bill Number Total Checkouts Full call number Accession No. (Barcode) Date last seen Date last borrowed Bill Date Koha item type
    Dewey Decimal Classification     MEDICAL SGT Medical Library SGT Medical Library Text Book 18/01/2018 ABC 895.00 SGTU 8703 1 617.7 M14K FM9494 08/05/2024 30/04/2024 02/09/2017 Books
    Dewey Decimal Classification     MEDICAL SGT Medical Library SGT Medical Library Text Book 18/01/2018 ABC 895.00 SGTU 8703 1 617.7 M14K FM9495 09/12/2023 09/12/2023 02/09/2017 Books
    Dewey Decimal Classification     MEDICAL SGT Medical Library SGT Medical Library Text Book 18/01/2018 ABC 895.00 SGTU 8703 1 617.7 M14K FM9496 20/12/2023 08/12/2023 02/09/2017 Books